000 00756nam a2200217Ii 4500
003 JO-AjNU
008 230605s9999||||xx |||||||||||||| ||und||
017 _a2007/5169
020 _a979-368-163-9
040 _aJO-AjNU
_bara
_erda
_cJO-AjNU
041 _aara
050 1 4 _aG155 2009
100 3 _aالشريعي، طارق عبد الفتاح,
_eauthor
_934238
245 0 0 _aالتسويق: التسويق السياحي - التسويق الفندقي
264 3 1 _aالاسكندرية: مؤسسة حورس الدولية، 2009
300 _a236ص
336 _atext
_btxt
_2rdacontent
337 _aunmediated
_bn
_2rdamedia
338 _avolume
_bnc
_2rdacarrier
650 4 _aالتسويق السياحي-التسويق القندقي
_934239
999 _aA14014
_c17582
_d17582